| 000 | 01116nam2a22002891 4500 | ||
|---|---|---|---|
| 001 | RU\NLR\INFOCOMM44\1000007557 | ||
| 005 | 20250806204548.0 | ||
| 035 | _a(NLR Aleph) 002469811 | ||
| 090 |
_a88537 _c88537 |
||
| 100 | _a20040325d1941 u y0rusy50 ca | ||
| 101 | 0 | _arus | |
| 102 | _aKZ | ||
| 105 | _ay ||||||||| | ||
| 200 | 1 |
_aКритика буржуазной политической экономии Шелгуновым _fС.А. Нейштадт |
|
| 210 | _d1941 | ||
| 225 | 1 | _aЭкономика | |
| 461 | 0 |
_1001RU\NLR\INFOCOMM44\1000007543 _12001#$aУченые записки Казахского государственного университета им. С.М. Кирова$vТ.7, Вып.2 |
|
| 700 | 1 |
_aНейштадт _bС.А. _4070 |
|
| 801 | 1 |
_aRU _bInfoComm _c20040325 |
|
| 801 | 0 |
_aRU _bNLR _gPSBO |
|
| 852 |
_aNLR _bПр50 _jГ-4/2 |
||
| 942 | _cISSUE | ||
| 945 |
_aРоссийская национальная библиотека _aНациональная библиотека Республики Казахстан |
||
| 980 | _aNB | ||
| 980 | _aBV | ||
| 980 | _aRUSPER | ||